000
00240nam a2200097Ia 4500
008
240331s9999 xx 000 0 und d
082
_b
MEN
100
_a
Menon, N
245
0
_a
Recovering subversion,feminist politics beyond the law
942
_c
L
999
_c
2462
_d
2462